000 00282nam a22001217a 4500
008 150904t xxu||||| |||| 00| 0 eng d
020 _a978-81-313-0749-6
082 _a615.5 ARU
100 _aDr. V. Arunkumar
_91058
245 _aPlant Biochemistry
300 _a137
942 _2ddc
_cBK
999 _c17309
_d17309